| 000 | 00668nam0a22002411 4500 | ||
|---|---|---|---|
| 001 | RU\NLR\INFOCOMM17\ROSSICA\1000308873 | ||
| 005 | 20250613193506.0 | ||
| 035 | _a(NLR Aleph) 009973640 | ||
| 090 |
_a9660041 _c9660041 |
||
| 100 | _a20031009d1866 |||y0rusy50 ca | ||
| 101 | 0 | _ager | |
| 102 | _aRU | ||
| 105 | _ay ||||000ay | ||
| 200 | 1 |
_aRussische Weine und andere Getränke und die Landwirthschaft auf der Schwarzerde Russlands _fWitt, N. |
|
| 210 |
_aSpb. _d1866 |
||
| 700 | 1 |
_aWitt _bN. _4070 |
|
| 801 | 1 |
_aRU _bInfoComm _c20031009 |
|
| 801 | 0 |
_aRU _bNLR _gPSBO |
|
| 852 |
_aNLR _bВЭО _j37.6.84 |
||
| 942 | _cBOOK | ||
| 980 | _aNB | ||
| 980 | _aRossica | ||